000 00335nam a2200133Ia 4500
008 240624s9999 xx 000 0 und d
041 _aeng
082 _a150.72 WAT
100 _aWATTS SIMON
245 _aDOING Q METHODOLOGICAL RESEARCH THEORY M
260 _c2012
_aLondon
_bSage
300 _aix, 238 p.; 24 cm.
365 _cBPS
_b38
999 _c29034
_d29034